[Event "Joao Pessoa op"]
[Site "Joao Pessoa"]
[Date "2023.03.17"]
[Round "2"]
[White "Freitas, Marcos Antonio da C"]
[Black "De Oliveira, Genivaldo Manoel"]
[Result "1-0"]
[WhiteElo "1882"]
[BlackElo "1621"]
[PlyCount "83"]
[EventDate "2023.03.17"]
[EventType "swiss"]
[EventRounds "6"]
[EventCountry "BRA"]
[SourceTitle "EXT 2024"]
[Source "ChessBase"]
[SourceDate "2023.10.10"]
[SourceVersion "1"]
[SourceVersionDate "2023.10.10"]
[SourceQuality "1"]

1. e4 d6 2. d4 Nf6 3. f3 Nbd7 4. c4 e5 5. Ne2 Be7 6. Nbc3 exd4 7. Nxd4 c6 8. Nf5 0-0 9. Nxd6 Nc5 10. Nxc8 Qxc8 11. Be3 Rd8 12. Qc2 Qc7 13. Be2 Ne6 14. g3 Nd4 15. Qc1 Rd7 16. Kf2 Rad8 17. Rd1 Qe5 18. Rxd4 Rxd4 19. Bxd4 Qxd4+ 20. Kg2 Bc5 21. Qf1 Qe3 22. Rd1 Rxd1 23. Qxd1 h5 24. Qd3 Qf2+ 25. Kh3 h4 26. e5 hxg3 27. hxg3 Nh5 28. Qd8+ Kh7 29. Qh4 g6 30. f4 Be7 31. Qg4 Qg1 32. Qf3 Bc5 33. Ne4 Be7 34. Nd6 Kg8 35. f5 Bxd6 36. exd6 Qd4 37. fxg6 fxg6 38. c5 b6 39. Qxc6 Qe5 40. Bc4+ Kh7 41. Qf3 bxc5 42. d7 1-0

[Event "Fortaleza Cearense-ch"]
[Site "Fortaleza"]
[Date "2023.01.12"]
[Round "4"]
[White "Lima, Edson Henrique"]
[Black "Freitas, Marcos Antonio da C"]
[Result "0-1"]
[WhiteElo "1678"]
[BlackElo "1875"]
[PlyCount "82"]
[EventDate "2023.01.07"]
[EventType "tourn"]
[EventRounds "9"]
[EventCountry "BRA"]
[SourceTitle "CBM 212 Extra"]
[Source "ChessBase"]
[SourceDate "2023.03.31"]
[SourceVersion "1"]
[SourceVersionDate "2023.03.31"]
[SourceQuality "1"]

1. d4 d5 2. c4 c6 3. Nc3 dxc4 4. e4 e5 5. d5 b5 6. dxc6 Bb4 7. Bd2 Bxc3 8. Bxc3 Nxc6 9. Qxd8+ Kxd8 10. Rd1+ Kc7 11. Rd5 Rb8 12. f4 Be6 13. Rxe5 b4 14. Rxe6 bxc3 15. Rxc6+ Kxc6 16. bxc3 Rb1+ 17. Kf2 Kc5 18. Ne2 Nf6 19. Ng3 Rd8 20. e5 Nd5 21. Ne4+ Kc6 22. Kf3 Rc1 23. Nd6 Nxc3 24. Nxc4 Rdd1 25. Ne3 Re1 26. g4 Kc5 27. Kf2 Ne4+ 28. Kf3 Nd2+ 29. Kf2 Ra1 30. h4 Rec1 31. f5 Nxf1 32. Nxf1 Rxa2+ 33. Kf3 Raa1 34. Kf2 Re1 35. f6 gxf6 36. exf6 a5 37. g5 Re5 38. Kg2 Ree1 39. h5 Kd6 40. g6 fxg6 41. hxg6 hxg6 0-1

[Event "Fortaleza Gadelha Memorial"]
[Site "Fortaleza"]
[Date "2019.08.18"]
[Round "6"]
[White "Monteiro, Jose Q Montenegro"]
[Black "Freitas, Marcos Antonio da C"]
[Result "1-0"]
[WhiteElo "1845"]
[BlackElo "1916"]
[PlyCount "82"]
[EventDate "2019.08.15"]
[EventType "swiss"]
[EventRounds "7"]
[EventCountry "BRA"]
[SourceTitle "CBM 191 Extra"]
[Source "ChessBase"]
[SourceDate "2019.09.30"]
[SourceVersion "1"]
[SourceVersionDate "2019.09.30"]
[SourceQuality "1"]

1. c4 c5 2. Nc3 Nf6 3. g3 d5 4. cxd5 Nxd5 5. Bg2 Nc7 6. Nf3 Nc6 7. 0-0 e5 8. b3 Be7 9. Bb2 0-0 10. Rc1 f6 11. Na4 Na6 12. h3 Be6 13. Ne1 Qd7 14. Kh2 Rac8 15. a3 b5 16. Nc3 Nd4 17. d3 Bxb3 18. Qd2 Be6 19. Rb1 b4 20. Nd1 Ba2 21. Bxd4 Bxb1 22. Ba1 bxa3 23. Nc3 a2 24. Nxa2 Qa4 25. Nc3 Qxa1 26. Nc2 Qa5 27. Rxb1 Nb4 28. Ra1 Qc7 29. Ne3 Rfd8 30. Nc4 Rb8 31. Be4 Kh8 32. Nd1 Rd4 33. Nde3 Rxe4 34. dxe4 Ra8 35. Nd5 Nxd5 36. exd5 Bd8 37. Ra6 Qb7 38. Re6 Qd7 39. e4 a5 40. Qb2 a4 41. Qb7 Ra7 1-0

[Event "Norte Nordeste-ch Amateur U2000"]
[Site "Fortaleza"]
[Date "2019.04.28"]
[Round "5"]
[White "Teixeira Junior, Gilberto Alves"]
[Black "Freitas, Marcos Antonio da C"]
[Result "1-0"]
[WhiteElo "1857"]
[BlackElo "1982"]
[PlyCount "57"]
[EventDate "2019.04.26"]
[EventType "swiss"]
[EventRounds "6"]
[EventCountry "BRA"]
[SourceTitle "EXT 2020"]
[Source "ChessBase"]
[SourceDate "2019.10.17"]
[SourceVersion "1"]
[SourceVersionDate "2019.10.17"]
[SourceQuality "1"]

1. e4 e6 2. d4 d5 3. Nd2 Nf6 4. e5 Nfd7 5. Bd3 c5 6. c3 Nc6 7. Ne2 Qb6 8. Nf3 cxd4 9. cxd4 f6 10. exf6 Nxf6 11. 0-0 Bd6 12. a3 Bd7 13. b4 0-0 14. Bb2 Rae8 15. b5 Nd8 16. a4 Nf7 17. Ne5 Qc7 18. Rc1 Qb8 19. f4 Rc8 20. Qb3 Rxc1 21. Rxc1 Rc8 22. Bxh7+ Kxh7 23. Nxf7 Bxf4 24. Rxc8 Bxc8 25. g3 Qc7 26. Nxf4 Qxf7 27. Qc2+ Ne4 28. Qxc8 g5 29. Qxe6 1-0

[Event "Norte Nordeste-ch Amateur U2000"]
[Site "Fortaleza"]
[Date "2019.04.26"]
[Round "1"]
[White "Bezerra Freitas, Lucas Ismaily"]
[Black "Freitas, Marcos Antonio da C"]
[Result "0-1"]
[WhiteElo "1851"]
[BlackElo "1982"]
[PlyCount "116"]
[EventDate "2019.04.26"]
[EventType "swiss"]
[EventRounds "6"]
[EventCountry "BRA"]
[SourceTitle "EXT 2020"]
[Source "ChessBase"]
[SourceDate "2019.10.17"]
[SourceVersion "1"]
[SourceVersionDate "2019.10.17"]
[SourceQuality "1"]

1. d4 d5 2. Bf4 Nf6 3. e3 e6 4. Nf3 c5 5. c3 Nc6 6. h3 Bd6 7. Ne5 Qc7 8. Bb5 Nd7 9. Nxd7 Bxd7 10. Bxd6 Qxd6 11. Nd2 Rc8 12. Nf3 0-0 13. 0-0 Nxd4 14. Nxd4 cxd4 15. Bxd7 Qxd7 16. exd4 Rc4 17. Re1 b5 18. a3 a5 19. Re3 Rfc8 20. Qd2 Qb7 21. b4 Qc7 22. bxa5 Qxa5 23. Rb1 Qxa3 24. Rxb5 g6 25. Rb7 Rxc3 26. Rxc3 Qxc3 27. Rb2 Qxd2 28. Rxd2 Rc1+ 29. Kh2 Kf8 30. Rd3 Ke7 31. f4 Kd6 32. g4 Rf1 33. Kg3 f6 34. Ra3 Rc1 35. Ra6+ Rc6 36. Ra3 e5 37. fxe5+ fxe5 38. dxe5+ Kxe5 39. Kf3 Kd4 40. Ra4+ Kd3 41. Ra7 h6 42. Kf4 d4 43. Ke5 Ke3 44. Kd5 Rf6 45. Re7+ Kd3 46. Ra7 Rf3 47. Ra4 Rf4 48. Ke5 Re4+ 49. Kd5 Ke3 50. Ra1 Rf4 51. Ke5 Rf2 52. Re1+ Kd2 53. Ra1 d3 54. Ke4 Ke2 55. Ra3 d2 56. Re3+ Kf1 57. Rd3 Ke1 58. Ke3 Re2+ 0-1

[Event "Fortaleza Cearense-ch"]
[Site "Fortaleza"]
[Date "2018.11.25"]
[Round "4"]
[White "Freitas, Marcos Antonio da C"]
[Black "Parente, Renan Braz"]
[Result "1/2-1/2"]
[WhiteElo "1963"]
[BlackElo "2173"]
[PlyCount "91"]
[EventDate "2018.11.20"]
[EventType "tourn"]
[EventRounds "9"]
[EventCountry "BRA"]
[SourceTitle "CBM 187 Extra"]
[Source "ChessBase"]
[SourceDate "2018.11.04"]
[SourceVersion "1"]
[SourceVersionDate "2018.11.04"]
[SourceQuality "1"]

1. Nf3 e6 2. c4 c5 3. g3 b6 4. Bg2 Bb7 5. b3 Nf6 6. Bb2 Be7 7. 0-0 0-0 8. e3 d5 9. Nc3 dxc4 10. bxc4 Nc6 11. Qe2 Qc7 12. Nb5 Qc8 13. d4 a6 14. Nc3 Na5 15. Ne5 Bxg2 16. Kxg2 Rd8 17. Rfd1 cxd4 18. exd4 Nd7 19. Nxd7 Rxd7 20. d5 Qxc4 21. dxe6 Qxe2 22. Nxe2 Rxd1 23. exf7+ Kxf7 24. Rxd1 Rc8 25. Rc1 Rxc1 26. Nxc1 Nc4 27. Bd4 Bf6 28. Bxf6 Kxf6 29. Nd3 a5 30. Kf3 Ne5+ 31. Ke4 Nc4 32. Kd5 b5 33. Kc5 Na3 34. Kb6 a4 35. Kc5 Kf5 36. f3 g5 37. Kb4 Nb1 38. Kxb5 Nc3+ 39. Kb4 Nxa2+ 40. Kxa4 Nc3+ 41. Kb3 Ne2 42. Kc4 Ng1 43. f4 gxf4 44. Nxf4 Kg4 45. Kd3 Nf3 46. Ke3 1/2-1/2

[Event "Fortaleza Cearense-ch"]
[Site "Fortaleza"]
[Date "2018.11.23"]
[Round "3"]
[White "Albuquerque, Wellington S Jr"]
[Black "Freitas, Marcos Antonio da C"]
[Result "1/2-1/2"]
[WhiteElo "2181"]
[BlackElo "1963"]
[PlyCount "46"]
[EventDate "2018.11.20"]
[EventType "tourn"]
[EventRounds "9"]
[EventCountry "BRA"]
[SourceTitle "CBM 187 Extra"]
[Source "ChessBase"]
[SourceDate "2018.11.04"]
[SourceVersion "1"]
[SourceVersionDate "2018.11.04"]
[SourceQuality "1"]

1. d4 d5 2. Nf3 Nf6 3. c4 dxc4 4. e3 e6 5. Bxc4 c5 6. 0-0 a6 7. a4 Nc6 8. Qe2 cxd4 9. Rd1 Be7 10. exd4 0-0 11. Nc3 Nb4 12. Bg5 Nbd5 13. Ne5 Qa5 14. Rd3 Rd8 15. Rg3 Bd7 16. Re1 Be8 17. Qf3 Qc7 18. Rc1 Rac8 19. Bf1 Qb6 20. Nxd5 Nxd5 21. Bxe7 Nxe7 22. Rxc8 Rxc8 23. Qb3 Qxb3 1/2-1/2

[Event "Fortaleza Cearense-ch"]
[Site "Fortaleza"]
[Date "2018.11.21"]
[Round "2"]
[White "Freitas, Marcos Antonio da C"]
[Black "Correia, Mario Rui Costa"]
[Result "0-1"]
[WhiteElo "1963"]
[BlackElo "2075"]
[PlyCount "108"]
[EventDate "2018.11.20"]
[EventType "tourn"]
[EventRounds "9"]
[EventCountry "BRA"]
[SourceTitle "CBM 187 Extra"]
[Source "ChessBase"]
[SourceDate "2018.11.04"]
[SourceVersion "1"]
[SourceVersionDate "2018.11.04"]
[SourceQuality "1"]

1. e4 e5 2. Nf3 Nc6 3. Bb5 a6 4. Ba4 Nf6 5. 0-0 Be7 6. Re1 b5 7. Bb3 d6 8. c3 0-0 9. h3 Nb8 10. d4 Nbd7 11. a4 Bb7 12. Nbd2 c5 13. d5 c4 14. Bc2 Re8 15. Nf1 Bf8 16. Bg5 Be7 17. Ng3 g6 18. h4 Nc5 19. Nh2 Rb8 20. axb5 axb5 21. h5 Nxd5 22. Bh6 Nf6 23. Re3 Bf8 24. Bg5 Ne6 25. Bxf6 Qxf6 26. Ng4 Qg5 27. Ra7 Nf4 28. hxg6 hxg6 29. Nf5 gxf5 30. Rg3 Bg7 31. Ne3 Qh5 32. Qxh5 Nxh5 33. Rg5 Nf4 34. Nxf5 Ng6 35. Nxd6 Re7 36. Nxb5 Bc6 37. Rxg6 fxg6 38. Rxe7 Bxb5 39. b3 Be8 40. bxc4 Bf7 41. c5 Rc8 42. Rb7 Rxc5 43. Bb3 Bxb3 44. Rxb3 Rc4 45. f3 Bh6 46. Kf2 Kf7 47. g3 Ra4 48. Rb7+ Kf6 49. Rb6+ Kg5 50. f4+ exf4 51. gxf4+ Kxf4 52. Rxg6 Ra2+ 53. Kf1 Kf3 54. Rf6+ Bf4 0-1

[Event "Fortaleza zt CE"]
[Site "Fortaleza"]
[Date "2018.10.14"]
[Round "5.2"]
[White "De Oliveira, Guibson Martins"]
[Black "Freitas, Marcos Antonio da C"]
[Result "0-1"]
[WhiteElo "1820"]
[BlackElo "1964"]
[PlyCount "111"]
[EventDate "2018.10.12"]
[EventType "swiss"]
[EventRounds "6"]
[EventCountry "BRA"]
[SourceTitle "EXT 2022"]
[Source "ChessBase"]
[SourceDate "2021.10.06"]
[SourceVersion "1"]
[SourceVersionDate "2021.10.06"]
[SourceQuality "1"]

1. e4 e6 2. d4 d5 3. Nd2 Nc6 4. Ngf3 Nf6 5. e5 Nd7 6. c4 dxc4 7. Nxc4 Nb6 8. Nxb6 axb6 9. a3 Bb4+ 10. Bd2 Bxd2+ 11. Qxd2 Ne7 12. Bd3 Bd7 13. Qg5 Ng6 14. Be4 Bc6 15. Qg4 Ra5 16. h4 Bxe4 17. Qxe4 Rd5 18. g4 Ne7 19. Rd1 Nc6 20. h5 Qd7 21. h6 g6 22. Qf4 Qe7 23. Rh3 0-0 24. g5 Rfd8 25. Rd3 R8d7 26. Ke2 Qd8 27. Ke3 Ne7 28. Nh4 Rb5 29. Kf3 Rxb2 30. Qf6 Nf5 31. Nxf5 Qxf6 32. exf6 gxf5 33. Ke3 Rb5 34. Rh1 Rbd5 35. f4 c5 36. Rhd1 b5 37. dxc5 Kf8 38. Rxd5 exd5 39. Kd4 Ke8 40. Ke5 d4 41. Rxd4 Rc7 42. Rd5 Rc6 43. Kxf5 Ra6 44. Rd3 Ra4 45. Rb3 Ra5 46. Ke5 Kd7 47. Kd5 b6 48. f5 bxc5 49. Kxc5 b4+ 50. Kxb4 Rxf5 51. Rg3 Kc6 52. a4 Kb6 53. Rg4 Rf2 54. Re4 Rf5 55. Re7 Rxg5 56. Rxf7 0-1

[Event "Fortaleza zt CE"]
[Site "Fortaleza"]
[Date "2018.10.13"]
[Round "4.1"]
[White "Freitas, Marcos Antonio da C"]
[Black "Brandao, Marcius Gomes"]
[Result "0-1"]
[WhiteElo "1964"]
[BlackElo "2076"]
[PlyCount "132"]
[EventDate "2018.10.12"]
[EventType "swiss"]
[EventRounds "6"]
[EventCountry "BRA"]
[SourceTitle "EXT 2022"]
[Source "ChessBase"]
[SourceDate "2021.10.06"]
[SourceVersion "1"]
[SourceVersionDate "2021.10.06"]
[SourceQuality "1"]

1. Nf3 c5 2. c4 g6 3. Nc3 Bg7 4. d4 cxd4 5. Nxd4 Nc6 6. Nxc6 bxc6 7. e4 d6 8. Be2 Nf6 9. 0-0 0-0 10. Be3 Rb8 11. Qd2 Qc7 12. Rfd1 Nd7 13. Rac1 Nc5 14. f3 Ne6 15. b3 Bb7 16. Bh6 Bxh6 17. Qxh6 Qb6+ 18. Kh1 Qf2 19. Rf1 Qd4 20. f4 Qg7 21. Qh4 f6 22. Rf3 Nd4 23. Re3 a6 24. Bd3 e5 25. Ne2 Ne6 26. Bb1 c5 27. Rd1 Rbd8 28. Rf1 Bc6 29. Qg4 Nd4 30. Qg3 Rde8 31. Nc3 Ne6 32. Ne2 Re7 33. f5 Nd4 34. fxg6 hxg6 35. Nc3 Qh6 36. Qe1 Rh7 37. Rh3 Qg5 38. Rg3 Qh6 39. Rh3 Qg7 40. Rxh7 Qxh7 41. Qe3 Kg7 42. Ne2 Rh8 43. h3 Qh6 44. Qxh6+ Rxh6 45. Ng3 Ne6 46. Ne2 Ng5 47. Nc3 Nxh3 48. gxh3 Rxh3+ 49. Kg2 Rxc3 50. Rd1 d5 51. cxd5 Bd7 52. Bd3 a5 53. Kf2 a4 54. Bc4 Rc2+ 55. Ke3 Rxa2 56. Rb1 a3 57. Kd3 Rb2 58. Rxb2 axb2 59. Kc2 f5 60. Bd3 fxe4 61. Be2 Kf6 62. Kxb2 Ke7 63. Kc3 Kd6 64. Bf1 Kxd5 65. Bc4+ Kd6 66. Kd2 Be6 0-1

[Event "Fortaleza Correa Cup"]
[Site "Fortaleza"]
[Date "2018.03.01"]
[Round "2"]
[White "Freitas, Marcos Antonio da C"]
[Black "Rocancourt Moreira, Mauricio"]
[Result "1-0"]
[WhiteElo "1958"]
[BlackElo "1778"]
[PlyCount "61"]
[EventDate "2018.02.28"]
[EventType "swiss"]
[EventRounds "5"]
[EventCountry "BRA"]
[SourceTitle "EXT 2019"]
[Source "ChessBase"]
[SourceDate "2018.10.10"]
[SourceVersion "1"]
[SourceVersionDate "2018.10.10"]
[SourceQuality "1"]

1. d4 Nf6 2. c4 c5 3. Nf3 cxd4 4. Nxd4 e5 5. Nb5 d6 6. Bg5 Be7 7. N1c3 Be6 8. Bxf6 gxf6 9. Nd5 Bxd5 10. Qxd5 Nc6 11. Rd1 Qa5+ 12. Nc3 Qxd5 13. Nxd5 0-0-0 14. g3 Rhe8 15. Bh3+ Kb8 16. e3 h5 17. Bf5 Rh8 18. h4 Rh6 19. Ke2 Bf8 20. Nc3 Ne7 21. Bh3 a6 22. Rd2 f5 23. Rhd1 Rf6 24. f4 e4 25. Nd5 Nxd5 26. Rxd5 Rc8 27. b3 Be7 28. Bxf5 Rc5 29. Bxe4 Re6 30. Bf3 Rh6 31. Rxc5 1-0

[Event "Fortaleza Genti Memorial"]
[Site "Fortaleza"]
[Date "2017.09.22"]
[Round "1"]
[White "Freitas, Marcos Antonio da C"]
[Black "Vacis, Gabriel Nunes"]
[Result "1-0"]
[WhiteElo "1974"]
[BlackElo "1303"]
[PlyCount "47"]
[EventDate "2017.09.22"]
[EventType "swiss"]
[EventRounds "6"]
[EventCountry "BRA"]
[SourceTitle "CBM 180 Extra"]
[Source "ChessBase"]
[SourceDate "2017.10.06"]
[SourceVersion "1"]
[SourceVersionDate "2017.10.06"]
[SourceQuality "1"]

1. e4 e5 2. Nf3 Nc6 3. Bb5 Nd4 4. Nxd4 exd4 5. d3 Bc5 6. 0-0 a6 7. Bc4 Ne7 8. Bxf7+ Kxf7 9. Qh5+ g6 10. Qxc5 Nc6 11. Bg5 Qe8 12. Bh6 d6 13. Qg5 Ne5 14. h3 Qe6 15. f4 Nd7 16. f5 gxf5 17. Qg7+ Ke8 18. Qxh8+ Ke7 19. Qg7+ Ke8 20. Nd2 fxe4 21. Nxe4 d5 22. Nd6+ Qxd6 23. Qf7+ Kd8 24. Bg5+ 1-0

[Event "Fortaleza Edmar Monte 4th"]
[Site "Fortaleza"]
[Date "2017.07.29"]
[Round "4"]
[White "Freitas, Marcos Antonio da C"]
[Black "Vacis, Gabriel Nunes"]
[Result "1-0"]
[WhiteElo "2016"]
[BlackElo "1653"]
[PlyCount "71"]
[EventDate "2017.07.27"]
[EventType "swiss"]
[EventRounds "6"]
[EventCountry "BRA"]
[SourceTitle "EXT 2018"]
[Source "ChessBase"]
[SourceDate "2017.10.13"]
[SourceVersion "1"]
[SourceVersionDate "2017.10.13"]
[SourceQuality "1"]

1. d4 d5 2. c4 c6 3. Nc3 Nf6 4. Nf3 Nbd7 5. Bg5 h6 6. Bh4 e6 7. e3 Bb4 8. Qc2 a6 9. cxd5 cxd5 10. Bd3 0-0 11. 0-0 Be7 12. Rac1 Nb6 13. Qb3 Bd7 14. Ne5 Ra7 15. Bb1 a5 16. Qc2 g5 17. Ng4 Ne4 18. f3 Bc6 19. fxe4 dxe4 20. Bg3 Ra8 21. Nxh6+ Kg7 22. Ng4 Nd7 23. a4 Rc8 24. Qe2 Nb6 25. Nb5 Bd5 26. Rxc8 Qxc8 27. Qc2 Qc4 28. Qxc4 Bxc4 29. Rc1 Bxb5 30. axb5 Bb4 31. Rc7 Rb8 32. Rxf7+ Kxf7 33. Bxb8 a4 34. Bxe4 Nc4 35. Ne5+ Kg7 36. Nxc4 1-0

[Event "Fortaleza Edmar Monte 4th"]
[Site "Fortaleza"]
[Date "2017.07.29"]
[Round "3"]
[White "Pinto Farias, Luiz Jadir"]
[Black "Freitas, Marcos Antonio da C"]
[Result "0-1"]
[WhiteElo "1643"]
[BlackElo "2016"]
[PlyCount "54"]
[EventDate "2017.07.27"]
[EventType "swiss"]
[EventRounds "6"]
[EventCountry "BRA"]
[SourceTitle "EXT 2018"]
[Source "ChessBase"]
[SourceDate "2017.10.13"]
[SourceVersion "1"]
[SourceVersionDate "2017.10.13"]
[SourceQuality "1"]

1. d4 d5 2. Bf4 Nf6 3. e3 e6 4. Bd3 c5 5. Nf3 Nc6 6. 0-0 Bd6 7. Bg3 Bxg3 8. fxg3 cxd4 9. exd4 Qb6 10. b3 Nxd4 11. Nxd4 Qxd4+ 12. Kh1 Qxa1 13. Qd2 Qe5 14. Qb4 Qc7 15. c4 Bd7 16. Nd2 Rc8 17. Qa3 Qc5 18. Qb2 0-0 19. Nf3 dxc4 20. bxc4 Rfd8 21. h4 Qd6 22. Ne5 Rc5 23. Rxf6 gxf6 24. Bxh7+ Kg7 25. Nxf7 Kxf7 26. Qe2 Qxg3 27. Qh5+ Rxh5 0-1

[Event "Fortaleza Edmar Monte 4th"]
[Site "Fortaleza"]
[Date "2017.07.28"]
[Round "2"]
[White "Freitas, Marcos Antonio da C"]
[Black "Da Paixao, Irineu Vieira"]
[Result "0-1"]
[WhiteElo "2016"]
[BlackElo "1767"]
[PlyCount "78"]
[EventDate "2017.07.27"]
[EventType "swiss"]
[EventRounds "6"]
[EventCountry "BRA"]
[SourceTitle "EXT 2018"]
[Source "ChessBase"]
[SourceDate "2017.10.13"]
[SourceVersion "1"]
[SourceVersionDate "2017.10.13"]
[SourceQuality "1"]

1. e4 c5 2. Nf3 Nc6 3. d4 cxd4 4. Nxd4 Nf6 5. Nc3 a6 6. Nxc6 bxc6 7. e5 Ng8 8. Bc4 e6 9. Qg4 Bb7 10. 0-0 Ne7 11. Ne4 Nf5 12. Bg5 Qc7 13. Rfe1 h6 14. Bf4 0-0-0 15. Rad1 g5 16. Bg3 Be7 17. Qe2 Qa5 18. Rd3 Nxg3 19. Nxg3 d5 20. exd6 Rxd6 21. Ra3 Qd2 22. Bxa6 Qxe2 23. Bxb7+ Kxb7 24. Nxe2 Rd2 25. Rb3+ Kc7 26. c3 Rhd8 27. Ng3 Rc2 28. h3 Bc5 29. Re2 Rd1+ 30. Kh2 Rxe2 31. Nxe2 Bxf2 32. c4 Rd2 33. Nc3 Bd4 34. Na4 f5 35. Kg3 Bf2+ 36. Kh2 f4 37. Rc3 Rd1 38. h4 g4 39. Rc2 Bg3# 0-1

[Event "Joao Pessoa Fischer Memorial 8th"]
[Site "Joao Pessoa"]
[Date "2017.03.19"]
[Round "6"]
[White "Freitas, Marcos Antonio da C"]
[Black "Da Silva Miguel, Lucas Ramonn"]
[Result "0-1"]
[WhiteElo "1983"]
[BlackElo "1727"]
[PlyCount "64"]
[EventDate "2017.03.17"]
[EventType "swiss"]
[EventRounds "6"]
[EventCountry "BRA"]
[SourceTitle "EXT 2018"]
[Source "ChessBase"]
[SourceDate "2017.10.13"]
[SourceVersion "1"]
[SourceVersionDate "2017.10.13"]
[SourceQuality "1"]

1. d4 Nf6 2. c4 g6 3. Nc3 d5 4. cxd5 Nxd5 5. e4 Nxc3 6. bxc3 Bg7 7. Bb5+ Bd7 8. Bxd7+ Qxd7 9. Nf3 c5 10. 0-0 0-0 11. Be3 Rd8 12. Qb3 cxd4 13. cxd4 Nc6 14. Rfd1 Rac8 15. Rab1 b6 16. g3 h6 17. d5 Na5 18. Qd3 Rc3 19. Qf1 Qa4 20. Nd2 Qxa2 21. Qa6 Rc7 22. Rdc1 Rdc8 23. Nb3 Qa4 24. Rxc7 Rxc7 25. Nxa5 Qxe4 26. Qb5 bxa5 27. Qe8+ Kh7 28. Rb8 g5 29. d6 Rc3 30. d7 Rxe3 31. fxe3 Qxe3+ 32. Kg2 Qe2+ 0-1

[Event "Joao Pessoa Fischer Memorial 8th"]
[Site "Joao Pessoa"]
[Date "2017.03.17"]
[Round "1"]
[White "Goncalves, Alice da Silva"]
[Black "Freitas, Marcos Antonio da C"]
[Result "0-1"]
[WhiteElo "1417"]
[BlackElo "1983"]
[PlyCount "62"]
[EventDate "2017.03.17"]
[EventType "swiss"]
[EventRounds "6"]
[EventCountry "BRA"]
[SourceTitle "CBM 177 Extra"]
[Source "ChessBase"]
[SourceDate "2017.04.27"]
[SourceVersion "1"]
[SourceVersionDate "2017.04.27"]
[SourceQuality "1"]

1. e4 e5 2. Nf3 Nc6 3. d4 exd4 4. Nxd4 Bc5 5. Be3 Qf6 6. c3 Nge7 7. Bb5 d6 8. 0-0 0-0 9. b4 Bb6 10. Na3 Bd7 11. Nc4 Rfe8 12. a4 Rad8 13. a5 Bxd4 14. Bxd4 Nxd4 15. Bxd7 Nf3+ 16. Qxf3 Qxf3 17. gxf3 Rxd7 18. Rad1 Ng6 19. Rd3 Nf4 20. Rd2 a6 21. Rfd1 Rde7 22. Na3 f5 23. h4 fxe4 24. fxe4 Rxe4 25. Nc2 Ne2+ 26. Kf1 Nxc3 27. Rc1 Rxh4 28. Kg2 Nb5 29. Kg3 Rc4 30. Rcd1 Nc3 31. Rd4 Ne2+ 0-1

[Event "Fortaleza Costa Memorial"]
[Site "Fortaleza"]
[Date "2015.11.28"]
[Round "3"]
[White "Freitas, Marcos Antonio da C"]
[Black "Nogueira, Jorge da Silva"]
[Result "1-0"]
[WhiteElo "1954"]
[BlackElo "1626"]
[PlyCount "71"]
[EventDate "2015.11.26"]
[EventType "swiss"]
[EventRounds "5"]
[EventCountry "BRA"]
[SourceTitle "CBM 169 Extra"]
[Source "ChessBase"]
[SourceDate "2015.12.18"]
[SourceVersion "1"]
[SourceVersionDate "2015.12.18"]
[SourceQuality "1"]

1. e4 d5 2. exd5 Qxd5 3. Nc3 Qa5 4. d4 c6 5. Nf3 Nf6 6. Bd2 Qc7 7. Bc4 e6 8. 0-0 Be7 9. Re1 0-0 10. Qe2 Re8 11. Rad1 Bd6 12. Ne5 Nbd7 13. f4 Qb6 14. Na4 Qc7 15. Bd3 b5 16. Nc3 Bb7 17. Ne4 Nxe4 18. Bxe4 Nf6 19. Bd3 Rad8 20. c3 a6 21. a4 Be7 22. Kh1 Qb6 23. Ra1 Qc7 24. b4 g6 25. Qf2 Bf8 26. Re3 bxa4 27. Rxa4 Rd5 28. Rh3 a5 29. c4 Rxd4 30. Qxd4 c5 31. bxc5 Bxc5 32. Qa1 Rd8 33. Bxa5 Bxg2+ 34. Kxg2 Qb7+ 35. Rf3 Rd4 36. Bd2 1-0

[Event "Fortaleza Costa Memorial"]
[Site "Fortaleza"]
[Date "2015.11.28"]
[Round "4"]
[White "Parente, Renan Braz"]
[Black "Freitas, Marcos Antonio da C"]
[Result "1/2-1/2"]
[WhiteElo "2121"]
[BlackElo "1954"]
[PlyCount "76"]
[EventDate "2015.11.26"]
[EventType "swiss"]
[EventRounds "5"]
[EventCountry "BRA"]
[SourceTitle "CBM 169 Extra"]
[Source "ChessBase"]
[SourceDate "2015.12.18"]
[SourceVersion "1"]
[SourceVersionDate "2015.12.18"]
[SourceQuality "1"]

1. e4 e6 2. d4 d5 3. Nc3 Bb4 4. e5 c5 5. Bd2 Nc6 6. Nb5 Bxd2+ 7. Qxd2 Nxd4 8. Nxd4 cxd4 9. Nf3 Ne7 10. Nxd4 Bd7 11. f4 Qc7 12. 0-0-0 a6 13. Kb1 b5 14. g4 h5 15. gxh5 Rxh5 16. Rg1 g6 17. Qf2 Qb6 18. Be2 Rh8 19. h4 0-0-0 20. Qe1 Rh6 21. h5 gxh5 22. Rg7 Rf8 23. Qb4 Kd8 24. a4 h4 25. axb5 Ke8 26. c4 axb5 27. c5 Nc6 28. Qxb5 Qxb5 29. Nxb5 h3 30. Nd6+ Ke7 31. Bb5 h2 32. Rh1 Rh4 33. b3 Rxf4 34. Bxc6 Bxc6 35. Rxh2 Rf3 36. Kb2 Rb8 37. Rhh7 Rbxb3+ 38. Ka2 Ra3+ 1/2-1/2

[Event "Fortaleza Costa Memorial"]
[Site "Fortaleza"]
[Date "2015.11.27"]
[Round "2"]
[White "Nunes, Moezio Correia"]
[Black "Freitas, Marcos Antonio da C"]
[Result "0-1"]
[WhiteElo "1745"]
[BlackElo "1954"]
[PlyCount "170"]
[EventDate "2015.11.26"]
[EventType "swiss"]
[EventRounds "5"]
[EventCountry "BRA"]
[SourceTitle "CBM 169 Extra"]
[Source "ChessBase"]
[SourceDate "2015.12.18"]
[SourceVersion "1"]
[SourceVersionDate "2015.12.18"]
[SourceQuality "1"]

1. e4 e6 2. Nf3 c5 3. b4 cxb4 4. d4 d5 5. e5 Qb6 6. a3 Bd7 7. axb4 Bxb4+ 8. c3 Bf8 9. Bd3 f5 10. Na3 Bxa3 11. Bxa3 Nc6 12. 0-0 Nge7 13. Ng5 g6 14. Qd2 h6 15. Nh3 Qd8 16. Rfb1 b6 17. Nf4 Rg8 18. Bd6 Na5 19. Qe2 Kf7 20. Ba6 Nec6 21. g3 Bc8 22. Bd3 a6 23. h4 b5 24. Bb4 Nxb4 25. cxb4 Nc4 26. Bxc4 bxc4 27. b5 Rb8 28. bxa6 Rxb1+ 29. Rxb1 Bxa6 30. Qb2 Qc7 31. Nxe6 Kxe6 32. Qb6+ Qxb6 33. Rxb6+ Ke7 34. Rxa6 Rc8 35. Ra7+ Ke6 36. Ra6+ Kf7 37. Ra1 f4 38. g4 Ke6 39. Kf1 f3 40. Ra6+ Ke7 41. Ra5 c3 42. Ra7+ Ke8 43. Ra1 c2 44. Rc1 Rc4 45. Ke1 Rxd4 46. Rxc2 Rxg4 47. Rc3 Rxh4 48. Kd2 Re4 49. Rxf3 Rxe5 50. Rf6 Rg5 51. Ke3 Ke7 52. Ra6 Rg4 53. f3 Rg5 54. Kf4 Rf5+ 55. Kg3 Kf7 56. Rd6 h5 57. f4 Kg7 58. Rd7+ Kh6 59. Rd6 h4+ 60. Kg4 Rh5 61. Kh3 Kg7 62. Ra6 Kf7 63. Rd6 Ke7 64. Rxg6 d4 65. Ra6 d3 66. Ra2 Ke6 67. Rd2 Rd5 68. Kxh4 Kf5 69. Kg3 Ke4 70. Kf2 Kxf4 71. Ke1 Ke3 72. Rh2 Ra5 73. Rh3+ Kd4 74. Kd2 Ra2+ 75. Kd1 Kc3 76. Ke1 Ra1+ 77. Kf2 Kc2 78. Rh8 Ra3 79. Rd8 Kd1 80. Rd4 d2 81. Rd8 Rc3 82. Rd7 Rc5 83. Rd4 Rf5+ 84. Ke3 Re5+ 85. Kf4 Re2 0-1